<?xml version="1.0" encoding="UTF-8"?>
<collection xmlns="http://www.loc.gov/MARC21/slim">
 <record>
  <leader>00914aam a22001818a 4500</leader>
  <controlfield tag="001">00029166</controlfield>
  <controlfield tag="005">20181227161248.0</controlfield>
  <controlfield tag="008">120514s2010                  ||||||viesd</controlfield>
  <datafield tag="020" ind1="#" ind2="#">
   <subfield code="c">0</subfield>
  </datafield>
  <datafield tag="041" ind1="0" ind2="#">
   <subfield code="a">vie</subfield>
  </datafield>
  <datafield tag="100" ind1="0" ind2="#">
   <subfield code="a">Phan Đức Dũng</subfield>
  </datafield>
  <datafield tag="245" ind1="0" ind2="0">
   <subfield code="a">Kế toán tài chính</subfield>
   <subfield code="c">Phan Đức Dũng</subfield>
  </datafield>
  <datafield tag="260" ind1="#" ind2="#">
   <subfield code="a">H.</subfield>
   <subfield code="b">Thống Kê</subfield>
   <subfield code="c">2010</subfield>
  </datafield>
  <datafield tag="774" ind1="#" ind2="#">
   <subfield code="a">Phan Đức Dũng</subfield>
   <subfield code="d">H.</subfield>
   <subfield code="d">Thống Kê</subfield>
   <subfield code="d">2010</subfield>
   <subfield code="g">P.1</subfield>
   <subfield code="w">29167</subfield>
   <subfield code="t">Kế toán doanh nghiệp sản xuất: Lý thuyết và bài tập</subfield>
  </datafield>
  <datafield tag="774" ind1="#" ind2="#">
   <subfield code="a">Phan Đức Dũng</subfield>
   <subfield code="d">H.</subfield>
   <subfield code="d">Thống Kê</subfield>
   <subfield code="d">2010</subfield>
   <subfield code="g">P.2</subfield>
   <subfield code="t">Kế toán thương mại và dịch vụ: Lý thuyết và bài tập</subfield>
   <subfield code="w">29168</subfield>
  </datafield>
  <datafield tag="774" ind1="#" ind2="#">
   <subfield code="d">2010</subfield>
   <subfield code="g">P.3</subfield>
   <subfield code="t">Kế toán đầu tư tài chính: Lý thuyết và bài tập</subfield>
   <subfield code="w">29169</subfield>
   <subfield code="a">Phan Đức Dũng</subfield>
   <subfield code="d">H.</subfield>
   <subfield code="d">Thống Kê</subfield>
  </datafield>
  <datafield tag="910" ind1=" " ind2=" ">
   <subfield code="d">14/05/2012</subfield>
  </datafield>
  <datafield tag="980" ind1="#" ind2="#">
   <subfield code="a">Trung tâm Học liệu Lê Vũ Hùng, Trường Đại học Đồng Tháp</subfield>
  </datafield>
 </record>
</collection>
